00373nam a22001217a 4500008004100000020001600041100002100057245008900078260003100167300001500198700002100213700001700234210302b xxu||||| |||| 00| 0 eng d a00710878585 aMilton, Susan J. aProbability and statistics for engineering and computing sciences cJ. Susan Milton  aNew YorkbMcGrawhillc2013 axiv, 431p. aJesse C. Arnold  aLiu Kwong Ip